History Quiz

Random History or Toys Quiz

20th Century Events by Lego Quiz Stats

 Plays Quiz Updated Mar 17, 2018

Also try: Lego Landmarks
Challenge
Share
Tweet
Score 0/12 Timer 02:00
13 Plays Today
% Correct
Sinking of the Titanic
97.9%
Wright Flyer
97.5%
Moon Landing
96.7%
The tomb of
Tutankhamun is discovered
95.9%
The fall of the Berlin Wall
95.6%
Hubble Space Telescope
95.1%
Falling Soldier
92.9%
Hoover Dam constructed
92.2%
Russian Revolution
91.1%
World War II
89.3%
Tiananmen Square
88.1%
The Seven Year Itch
88.1%

You're not logged in!

Compare scores with friends on all Sporcle quizzes.
OR
Log In

You Might Also Like...

Show Comments

Extras

Top Quizzes Today


Score Distribution

Your Account Isn't Verified!

In order to create a playlist on Sporcle, you need to verify the email address you used during registration. Go to your Sporcle Settings to finish the process.

Report this User

Report this user for behavior that violates our Community Guidelines.

Details: